000
00289nam a22001337a 4500
008
171023b xxu||||| |||| 00| 0 eng d
020
_a
9780976181521
041
_a
eng
080
_a
658
100
_a
54
101
_a
LED
245
_a
MOMENTS IN LEADERSHIP
_c
RITA.A
942
_2
udc
_c
BK
999
_c
35383
_d
35383